000 00621nam a2200241Ia 4500
003 OSt
005 20220918201853.0
006 a|||||r|||| 00| 0
007 ta
008 220917b |||||||| |||| 00| 0 eng d
024 _a97,098
037 _cTextual
040 _aARTS
_cARTS
_beng
041 _2eng
_aeng
082 _aV2:1:(L:5),N8, M4
100 _aGoel S L
_997664
245 0 _aPublic health administration
260 _aNew Delhi
_bSterling
_c1984
300 _axiii, 472p.
_ccm.
650 _aHISTORY
942 _hV2:1:(L:5),N8, M4
_cTEXL
_2CC
999 _c220696
_d220696